Key Knowledge and Competences in the European and International Business Law - Academia Perspective
Výskum medzi absolventmi študijného programu Medzinárodný obchod na OF EU v Bratislave. Nerovnosť medzi teoretickými a praktickými znalosťami absolventov. Hodnotenie kompetencií absolventov. Potreba kvalitnejšej znalosti obchodného práva.
Salvato in:
| Autore principale: | |
|---|---|
| Natura: | Capitolo di libro |
| Lingua: | inglese |
| Soggetti: | |
| Tags: |
Nessun Tag, puoi essere il primo ad aggiungerne!!
|
MARC
| LEADER | 00000naa$a2200000$$$4500 | ||
|---|---|---|---|
| 001 | 0208663 | ||
| 005 | 20240502083521.6 | ||
| 041 | 0 | |a eng | |
| 044 | |a BG | ||
| 245 | 1 | 0 | |a Key Knowledge and Competences in the European and International Business Law - Academia Perspective |c Zuzana Kittová |
| 520 | |a Výskum medzi absolventmi študijného programu Medzinárodný obchod na OF EU v Bratislave. Nerovnosť medzi teoretickými a praktickými znalosťami absolventov. Hodnotenie kompetencií absolventov. Potreba kvalitnejšej znalosti obchodného práva. | ||
| 610 | 2 | 0 | |a vedomosti |
| 610 | 2 | 0 | |a kompetencie |
| 610 | 2 | 0 | |a absolventi |
| 610 | 2 | 0 | |a obchod medzinárodný |
| 610 | 2 | 0 | |a právo obchodné |
| 100 | 1 | |a Kittová, Zuzana, 1975- | |